Normal view MARC view
  • Abastecimiento de agua

Entry Materia

Number of records used in: 3

001 - NÚMERO DE CONTROL DEL REGISTRO

  • campo de control: 16448

003 - IDENTIFICADOR DE NUMERO DE CONTROL

  • campo de control: UPN

005 - FECHA Y HORA DE LA ÚLTIMA TRANSACCIÓN

  • campo de control: 20241112125549.0

008 - DATOS DE LONGITUD FIJA

  • campo de control de longitud fija: nabaccnnaabn|||||||||| b |nc|||||d

035 ## - NÚMERO DE CONTROL DEL SISTEMA

  • Número de control del sistema: UPN10000016456

040 ## - FUENTE DE LA CATALOGACIÓN

  • Lengua de catalogación: SPA
  • Agencia de transcripción: UPN

053 #4 - NÚMERO CLASIFICADOR - BIBLIOTECA DEL CONGRESO (LC)

  • Elemento numérico de la clasificación - Número único o no. inicial del rango: HA1696 M6

150 ## - ENCABEZAMIENTO - TEMÁTICO

  • Término de materia o nombre geográfico como elemento inicial: Abastecimiento de agua
  • Subdivisión de materia general: Aspectos políticos
  • Subdivisión geográfica: México

450 ## - VÉASE - MATERIA

  • Encabezamiento temático: Agua
  • Subcampo de control: nno
  • Subdivisión temática general: Abastecimiento
  • Subdivisión temática general: Aspectos Políticos
  • Subdivisión geográfica: México

670 ## - FUENTE EN LA QUE SE LOCALIZARON DATOS

  • Cita de la fuente: LC
  • Información localizada: Water-supply--Political aspects--Mexico

902 ## - CATALOGADOR

  • Catalogador: EMR/290910